000 00866cam a2200217 4500
001 ABS60798
008 000000n1999 000 0 eng u
035 _a(Sirsi) u101293
100 _aWalker, A.
245 _aTenancies: mind the act.
260 _c1999
490 _aProperty Week
_v64(22) 4 June 1999, 36-37(2)
520 _aDiscusses two recent cases relating to occupancy: "de Rothschild and others v Bell and Another" which dealt with the rights of occupation after contractual expiry, and "Ujima Housing Association v Ansarh and Another", regarding sufficient occupation for an assured tenancy.
650 _aOCCUPATION
650 _aASSURED TENANCY
650 _aEXPIRY OF TENANCY
650 _aSUB-LETTING
690 _aPROPERTY-RESIDENTIAL PROPERTY-RESIDENTIAL LANDLORD AND TENANT-RESIDENTIAL TENANCIES
700 _aDutton, T.
942 _n0
999 _c60444
_d60444